History Quiz

Random History or War Quiz

WWII Leaders - First Names Quiz Stats

 Plays Quiz Updated Mar 8, 2019

Score 0/24 Timer 04:00
2 Plays Today
Position First Name % Correct
UK Prime MinisterWinston
95.6%
Nazi FührerAdolf
95.5%
US PresidentHarry
90.5%
Soviet Union General SecretaryJosef
90.4%
US PresidentFranklin
88.9%
US Supreme CommanderDwight
88.5%
Free French Forces GeneralCharles
84.4%
Italy Duce of FascismBenito
81.9%
US GeneralGeorge
74.6%
UK Prime MinisterNeville
73.4%
Nazi CommanderHermann
65.8%
Nazi Head of the SSHeinrich
65.7%
Position First Name % Correct
US GeneralDouglas
64.4%
Nazi Field MarshalErwin
56.5%
Spain Head of StateFrancisco
52.7%
Nazi Deputy FührerRudolf
51.1%
US GeneralOmar
44.9%
UK Field MarshalBernard
30.6%
Japan GeneralHideki
26.5%
Nazi GroßadmiralKarl
26%
Vichy France Chief of StatePhilippe
23.5%
UK Marshal of the RAFArthur 'Bomber'
19.5%
France Prime MinisterÉdouard
16.2%
UK Air Chief MarshalHugh
9.8%

You're not logged in!

Compare scores with friends on all Sporcle quizzes.
OR
Log In

Show Comments

Extras

Top Quizzes Today


Score Distribution

Your Account Isn't Verified!

In order to create a playlist on Sporcle, you need to verify the email address you used during registration. Go to your Sporcle Settings to finish the process.

Report this User

Report this user for behavior that violates our Community Guidelines.

Details: